Air
| Main Author: | |
|---|---|
| Format: | Book |
| Published: |
London :
Methuen Children's Books ,
1982
|
| Subjects: |
MARC
| LEADER | 00000cam a2200000 7i4500 | ||
|---|---|---|---|
| 001 | 0000007357 | ||
| 002 | 000007912 | ||
| 005 | 20000330.0 | ||
| 020 | |a 0416064701 | ||
| 090 | 0 | 0 | |a J 551.51 |b LLO |
| 100 | 1 | |a Lloyd, David | |
| 245 | 1 | 0 | |a Air |c David Lloyd |
| 260 | |a London : |b Methuen Children's Books , |c 1982 | ||
| 300 | |a p.v : |b ill ; |c 17cm. | ||
| 650 | 0 | 0 | |a Air |x Juvenile literature |
| 999 | |a 0008868 |b BUKU |c PINJAMAN |e PERPUSTAKAAN KOMUNITI PETALING JAYA | ||